Информационные технологии в публичных библиотеках Волгоградской области (Запись № 11563218)
[ простой вид ]
| 000 -МАРКЕР | |
|---|---|
| контрольное поле | 01931nam0a2200313 i 4500 |
| 001 - ИДЕНТИФИКАТОР ЗАПИСИ | |
| контрольное поле | RU\NLR\BIBL_A\011130092 |
| 005 - ИДЕНТИФИКАТОР ВЕРСИИ | |
| контрольное поле | 20260407230955.0 |
| 035 ## - ДРУГИЕ СИСТЕМНЫЕ НОМЕРА | |
| Идентификатор записи | (NLR Aleph) 011130092 |
| 100 ## - ДАННЫЕ ОБЩЕЙ ОБРАБОТКИ | |
| Данные общей обработки | 20160517d2013 u y0rusy50 ca |
| 101 0# - ЯЗЫК РЕСУРСА | |
| Язык текста, звукозаписи и т.д. | русский |
| 102 ## - СТРАНА ПУБЛИКАЦИИ ИЛИ ПРОИЗВОДСТВА | |
| Страна публикации | Российская Федерация |
| 105 ## - ПОЛЕ КОДИРОВАННЫХ ДАННЫХ: ТЕКСТОВЫЕ МАТЕРИАЛЫ, МОНОГРАФИЧЕСКИЕ | |
| Кодированные данные о монографическом текстовом документе | a z 000yy |
| 200 1# - ЗАГЛАВИЕ И СВЕДЕНИЯ ОБ ОТВЕТСТВЕННОСТИ | |
| Основное заглавие | Информационные технологии в публичных библиотеках Волгоградской области |
| Сведения, относящиеся к заглавию | методическое пособие |
| Первые сведения об ответственности | Волгоград. обл. универс. науч. б-ка им. М. Горького, Отд. науч.-исслед. и метод. работы |
| Последующие сведения об ответственности | [сост.: Н.Н. Ефимова |
| -- | ред.: Т.И. Климова] |
| 210 ## - ПУБЛИКАЦИЯ, РАСПРОСТРАНЕНИЕ И ДР. | |
| Место издания, распространения и т.д. | Волгоград |
| Имя издателя, распространителя и т. д. | Волгоградская ОУНБ |
| Дата издания, распространения и т.д. | 2013 |
| 215 ## - ФИЗИЧЕСКАЯ ХАРАКТЕРИСТИКА | |
| Специфическое обозначение материала и объем | 26 с. |
| Другие сведения о физической характеристике | ил. |
| Размеры | 21 |
| 225 1# - СЕРИЯ | |
| Основное заглавие серии | Серия "Библиотека будущего?" |
| Обозначение тома | вып. 1 |
| 320 ## - ПРИМЕЧАНИЯ О НАЛИЧИИ В ДОКУМЕНТЕ БИБЛИОГРАФИИ / УКАЗАТЕЛЯ | |
| Текст примечания | Библиогр. в подстроч. примеч. |
| 606 1# - НАИМЕНОВАНИЕ ТЕМЫ КАК ПРЕДМЕТ | |
| Наименование темы | Публичные библиотеки |
| Формальный подзаголовок | Методические пособия |
| Тематический подзаголовок | Информационные технологии |
| Географический подзаголовок | Волгоградская область |
| Системный номер авторитетной/нормативной записи | 2286556 |
| Идентификатор авторитетной/нормативной записи | RU\NLR\AUTH\6601597468 |
| 686 1# - ИНДЕКСЫ ДРУГИХ КЛАССИФИКАЦИЙ | |
| Индекс | Ч735.272я8 |
| 686 1# - ИНДЕКСЫ ДРУГИХ КЛАССИФИКАЦИЙ | |
| Индекс | Ч734(2Р-4Во)711я8 |
| 702 #1 - ИМЯ ЛИЦА - ВТОРИЧНАЯ ОТВЕТСТВЕННОСТЬ | |
| Код отношения | Составитель |
| Графика поля | Кириллица |
| Материалы, к которым относится поле | rus |
| Начальный элемент ввода | Ефимова |
| Часть имени, кроме начального элемента ввода | Н. Н. |
| Дополнения к именам, кроме дат | библиограф |
| Расширение инициалов личного имени | Нина Николаевна |
| Системный номер авторитетной/нормативной записи | 157696 |
| Идентификатор авторитетной/нормативной записи | RU\NLR\AUTH\770157736 |
| 702 #1 - ИМЯ ЛИЦА - ВТОРИЧНАЯ ОТВЕТСТВЕННОСТЬ | |
| Начальный элемент ввода | Климова |
| Часть имени, кроме начального элемента ввода | Т. И. |
| Расширение инициалов личного имени | Тамара Ивановна |
| Код отношения | Редактор |
| 712 02 - НАИМЕНОВАНИЕ ОРГАНИЗАЦИИ - ВТОРИЧНАЯ ОТВЕТСТВЕННОСТЬ | |
| Код отношения | Прочие |
| Начальный элемент ввода | Волгоградская областная универсальная научная библиотека им. М. Горького |
| Структурное подразделение | Отдел научно-исследовательской и методической работы |
| Идентификатор авторитетной/нормативной записи | RU\NLR\AUTH\8810156219 |
| Системный номер авторитетной/нормативной записи | 807885 |
| 942 ## - ДОПОЛНИТЕЛЬНЫЕ ЭЛЕМЕНТЫ ЗАПИСИ (АБИС) | |
| Тип экземпляра АБИС | Книга |
| 980 ## - КОЛЛЕКЦИЯ | |
| Название коллекции | НБР |
Нет доступных экземпляров.